000 00398nam a2200157Ia 4500
003 GCL
008 140319s9999 xx 000 0 eng d
040 _aGCL /
_cGCL
082 0 4 _aCH
_b909
_bE H
100 1 _aEVONS, CHARLOTTE
245 1 0 _aTRADE & EMPIRE 1601 - 1707 /
_cEVONS, CHARLOTTE
260 _a[S.N] :
_bTHE KING FISHER
650 0 4 _aHISTORY
650 0 4 _aWORLD HISTORY
942 _2ddc
_cBK
999 _c24063
_d24063